Central Library OPAC University of Rajshahi

আন্তর্জাতিক অর্থনীতি / (Record no. 47228)

MARC details
000 -LEADER
fixed length control field 00833nam a2200217 a 4500
001 - CONTROL NUMBER
control field 47228
003 - CONTROL NUMBER IDENTIFIER
rucl marc code BD-RjUL
005 - DATE AND TIME OF LATEST TRANSACTION
control field 20211209054259.0
008 - FIXED-LENGTH DATA ELEMENTS--GENERAL INFORMATION
fixed length control field 160807s1983 bg ||||| |||| 00| 0 ben d
035 ## - SYSTEM CONTROL NUMBER
System control number (BD-RjUL)47347
040 ## - CATALOGING SOURCE
Original cataloging agency BD-RjUL
Language of cataloging ben
Transcribing agency BD-RjUL
Modifying agency BD-RjUL
041 ## - LANGUAGE CODE
Language code of text/sound track or separate title ben
082 ## - DEWEY DECIMAL CLASSIFICATION NUMBER
Edition number 23
Classification number 337
Author mark and year CHA 1983
100 ## - MAIN ENTRY--PERSONAL NAME
Personal name চক্রবর্তী, মনতোষ
9 (RLIN) 134931
245 10 - TITLE STATEMENT
Title আন্তর্জাতিক অর্থনীতি /
Statement of responsibility, etc. মনতোষ চক্রবর্তী,
260 ## - PUBLICATION, DISTRIBUTION, ETC. (IMPRINT)
Place of publication, distribution, etc. ঢাকা :
Name of publisher, distributor, etc. টাউন লাইব্রেরী,
Date of publication, distribution, etc. ১৯৮৩.
300 ## - PHYSICAL DESCRIPTION
Pagination বিভিন্ন পৃ. :
Illustrations চিত্র ;
Size ২৫ সেমি.
650 ## - SUBJECT ADDED ENTRY--TOPICAL TERM
Topical term or geographic name as entry element আন্তর্জাতিক অর্থনীতি
9 (RLIN) 143788
Topical term or geographic name as entry element International Economics
9 (RLIN) 143789
942 ## - ADDED ENTRY ELEMENTS (KOHA)
Source of classification or shelving scheme Dewey Decimal Classification
Koha item type Books
Holdings
Lost status Source of classification or shelving scheme Damaged status Not for loan Collection code Permanent Location Current Location Shelving location Date acquired Source of acquisition Cost, normal purchase price Total Checkouts Full call number Date last seen Copy number Koha item type
  Dewey Decimal Classification     Non-fiction Central Library, University of Rajshahi Central Library, University of Rajshahi   01/09/1984 Imprial books, Rajshahi 75.00   B 337 CHA 1983 07/08/2016 C-2 Books